| 000 | 00612nam a22001697a 4500 | ||
|---|---|---|---|
| 003 | OSt | ||
| 005 | 20171010095444.0 | ||
| 008 | 120614t xxu||||| |||| 00| 0 eng d | ||
| 040 |
_aMMSU _cULS |
||
| 100 |
_aMalabed, Maria Carmina M. _910340 |
||
| 245 |
_aKinetic studies on the adsorption of cadmium using carbonized rice hull as an adsorbent _cMaria Carmina M. Malabed |
||
| 260 | _c2006 | ||
| 300 |
_aix, 56 leaves _c28 cm. |
||
| 500 | _aThesis (BS Chemical Engineering) --Mariano Marcos State University-College of Engineering, Batac City | ||
| 504 | _aBibliography: leaves 46-49 | ||
| 942 |
_2ddc _cTHEDIS |
||
| 999 |
_c9563 _d9563 |
||